Welcome to the Holygrace Academy Library

Please use search bar below to get started

BANJARAN (Record no. 2856)

MARC details
000 -LEADER
fixed length control field 00367nam a22001577a 4500
020 ## - INTERNATIONAL STANDARD BOOK NUMBER
ISBN 978-81-264-3644-6
082 ## - DEWEY DECIMAL CLASSIFICATION NUMBER
Classification number 978-81-264-3644-6
Item number VAS/B
100 ## - MAIN ENTRY--AUTHOR NAME
Personal name VASWANI, ANJANA
245 ## - TITLE STATEMENT
Title BANJARAN
Remainder of title FOLK TALES
246 ## - VARYING FORM OF TITLE
Title proper/short title BANJARAN
Remainder of title FOLK TALES
260 ## - PUBLICATION, DISTRIBUTION, ETC. (IMPRINT)
Place of publication KOTTAYAM
Name of publisher DC BOOKS
Year of publication 2012
300 ## - PHYSICAL DESCRIPTION
Number of Pages 63
520 ## - SUMMARY, ETC.
Summary, etc FOLK TALES
650 ## - SUBJECT ADDED ENTRY--TOPICAL TERM
Topical Term FOLK TALES
942 ## - ADDED ENTRY ELEMENTS (KOHA)
Koha item type Books
Holdings
Withdrawn status Lost status Collection code Home library Current library Shelving location Date acquired Source of acquisition Cost, normal purchase price Full call number Accession Number Koha item type
    Fiction Main Library Main Library SHELF 4-F ENGLISH CLASSICS 25/01/2019 Purchase 95.00 978-81-264-3644-6 VAS/B 10702 Books